00871cam a2200229u 450000500170000002000310001702000150004804000340006308200170009710000260011424501220014026000340026230000200029650400190031654600090033565000160034465000170036094200070037799900170038495201200040195201200052120260414112645.0 a8177371282cTZS 30,071.5/= a8177371266 aMCCLbeng.eAACR 2nd rev. ed. a347.5409 BAN aBansal Ashwinie Kumar10aBharat's commentary on the Arbitration and conciliation act, 1996:blaw, practice & procedure/cAshwinie Kumar Bansal aNew Delhi:cBharat law house, a1932P.:c25 cm. aincludes index aeng. 0aArbitration 0aConciliation cBK c12601d12601 00104070aMU002bMU002d2008-01-01eR.K Printingl0o347.5409 BANp002631r2026-04-14 11:29:47t1w2026-04-14yBK 00104070aMU002bMU002d2008-01-01eR.K Printingl0o347.5409 BANp002632r2026-04-14 11:29:47t2w2026-04-14yBK